| 000 | 01159nam a2200325 i 4500 | ||
|---|---|---|---|
| 001 | 000002163 | ||
| 003 | DO-SdBNP | ||
| 005 | 20260521132944.0 | ||
| 007 | ta | ||
| 008 | 090701t1984 dr a 001 0 spa d | ||
| 020 | _a848952517X | ||
| 040 |
_aDO-SdBNP _bspa _cBNPHU _erda |
||
| 041 | _hspa | ||
| 082 | 4 |
_a303.44097293 _bC951s _222 |
|
| 100 | 1 |
_aCross Beras, Julio A., _eautor _4aut. _96904 |
|
| 245 | 1 | 0 |
_aSociedad y desarrollo en República Dominicana : _b1844 - 1899 / _cJulio A. Cross Beras. |
| 264 | 4 |
_aSanto Domingo : _bINTEC, _c©1984. |
|
| 300 |
_a262 páginas : _bilustraciones ; _c21 cm. |
||
| 336 |
_atexto _btxt _2rdacontent |
||
| 337 |
_asin mediación _bn _2rdamedia |
||
| 338 |
_avolumen _bnc _2rdacarrier |
||
| 500 | _aIncluye referencias bibliográficas y notas al pie de las páginas. | ||
| 504 | _aBibliografía : páginas 241-262. | ||
| 590 | _aInventariado, 2018/BT | ||
| 651 | 4 |
_aRepública Dominicana _yCondiciones sociales _96905 |
|
| 651 | 4 |
_aRepública Dominicana _xCondiciones económicas _9281 |
|
| 651 | 4 |
_aRepública Dominicana _yHistoria _y1844-1930 _96906 |
|
| 910 | _aValidado. Control de calidad. EMS | ||
| 942 |
_2ddc _cLBS1 |
||
| 999 |
_c2011 _d2011 |
||